000 00534nam a2200181Ia 4500
008 090124s9999 xx 000 0 und d
082 _b127046
100 _aवडनेरकर अलका
245 _a सुंदर मी होणार
250 _a0
260 _c1995
300 _a108
600 _aवडनेरकर अलका
630 _a सुंदर मी होणार
700 _aवडनेरकर अलका
730 _a सुंदर मी होणार
942 _cBOOK
999 _c173135
_d173135